000 01083cam a22003377a 4500
003 CHAP
005 20220329143334.0
008 050817d2003 es a r 00110 spa d
010 _a95168
011 _a96140
020 _a0716787245
035 _a106783
040 _cCHAP
082 0 4 _a574.192
_bB42 2007
100 0 0 _aBerg, Jeremy M.
_911764
245 1 0 _aBiochemistry
_c/by Jeremy M. Berg, John L. Tymoczko and Lubert Stryer
250 _a6 ed.
260 _aNew York, NY :
_bW.H. Freeman,
_c2007
300 _axxxv, 1026 p. :
_bilus. : gráfs.
590 _aBATCH-UPD
_b10
_c20130110
_lUCH01
_h0542
590 _aBATCH-UPD
_b10
_c20130110
_lUCH01
_h2356
590 _aBATCH-UPD
_b10
_c20130410
_lUCH01
_h0223
590 _aBATCH-UPD
_b10
_c20130914
_lUCH01
_h0606
590 _aCONVERSION
_b10
_c20130109
_lUCH01
_h1353
650 1 4 _aBioquímica.
_912849
700 0 _aStryer, Lubert.
_9110034
700 0 _aTymoczko, John L.
_9115742
901 _aBK
942 _cLIBRO
949 _a574.192 B42 2007
_bBC
_cLIBRO
_d33724002136181
_eLIBRO
_gI.235632
_h109517
_i106783
_si
_t$ 1.105.99
999 _c95168
_d95168